00982nam a22002897a 450000100060000000300090000600500170001500700060003200800300003802000150006804000220008308200260010510000290013124500780016026000410023830000250027949000210030453400560032565000290038165000330041070000150044370000370045891000400049594200120053595201280054799900170067537353DO-SdBNP20241017114252.037353890208s1987 sp spa  a8440200560 aBPMSUbspacBPMSU 4a843.8bV531J 19872221 aVerne, Julio,d1828-190510aJulio Verne : Familia sin nombre /cJulio Verne ; traducción A. Jubera 1 aBarcelona : bEdiciones Orbis,c1987 a v. : bil.c20 cm. 0 aJulio Verne,v53 pTítulo original t en francés: Famille-sans-nom 4aNovela juvenil francesa  4aLiteratura juvenil francesa 1 aJubera, A.1 aTiret-Bognet, Georgesd1855-1935 aVMateo V. Control de calidad BPMSU  2ddccBK 00102ddc40708CJ-GaBPMETbBPMETd2024-10-17l0oBPMSU 843.8 V531J 1987pBPMSU24100031r2024-10-17tv.54w2024-10-17yBK c14833d14833